000 00496nmm a2200169Ia 4500
008 251105s9999||||xx |||||||||||||||||und||
020 _a9788433977809
041 _aspa
100 _aNavarro, Vicenç
245 0 _aEl subdesarrollo social de España :
_b Causas y consecuencias
264 _a[Madrid, España] :
_bEditorial Anagrama,
_c2015
300 _a312 páginas
490 _aCompactos
650 _aSociology
856 _uhttps://public.digitaliapublishing.com/a/42177
942 _cCF
999 _c81927
_d81927